LEADER 00481nab a2200145 i 4500 001 000000311204 003 CaOOAMICUS 005 20180831173028.0 008 180831n xx uu u0 0und r 013 $a20292 040 $aSeMil$bita 100 1 $aRonzoni, Domenico Flavio.$0(OLS)http://semarc/name/7261 245 10$aDante fu tra i frati «de penitentia»? 773 0 $t[Luglio-Dicembre].$g527-534$w()274044 996 $6245$aDante fu tra i frati «de penitentia»?$9(OLS)http://semarc/title/385846 LEADER 01024nam a2200193 i 4500 001 000000235291 003 CaOOAMICUS 005 20141103000000.0 008 141103s1721 xx u000 u lat u 013 $a214194 026 $aU.US ***. utn- sc&g (3) 1721 (R) 040 $aSeMil$bita 245 10$aTomus secundus in quo de Sanctissima trinitate agitur. 300 $a[6], 485, [11] p. 500 $aSegn. : pigreco4(-pigreco33) A-3Q4. 773 0 $aPetau, Denys $tDionysii Petavii Aurelianensis ... Opus de theologicis dogmatibus, auctius in hac novissima editione libro de Tridentini Concilii Interpretatione, Libris 2., Dissertationum Ecclesiasticarum, Diatribā de potestate consecrandi, libris 8. De poenitentia publica. Tomus 1. [-6.].$dVenetiis : apud Aloysium Pavinum, 1721-1724.$g2$w()30865 850 $aSeMil 852 $aSeMil$W1$xVenegono$y1$m2C VIII 6 FA$j185637$B185637$CSeMilBibl$Z2$F196536 $8I 996 $6245$aTomus secundus in quo de Sanctissima trinitate agitur$9(OLS)http://semarc/title/335521